Qui sont ces médaillés aux Jeux Olympiques 2026 ? - Statistiques

Statistiques générales
  • Ce quiz a été pris 23 fois
  • Le résultat moyen est 12 sur 20
Statistiques - réponses
Par images Hint Réponse % Correct
Chine, Ski Acrobatique Ailing Eileen Gu
95%
Norvège, Ski de Fond Johannes Høsflot Klaebo
95%
France, Biathlon Lou Jeanmonnot
95%
France, Biathlon Quentin Fillon-Maillet
95%
Norvège, Biathlon Sturla Holm Lægreid
91%
Suisse, Ski Alpin Franjo von Allmen
77%
Italie, Ski Alpin Federica Brignone
64%
États Unis, Ski Alpin Breezy Johnson
55%
Italie, Patinage de Vitesse Francesca Lollobrigida
55%
Suède, Ski de Fond Frida Karlsson
55%
Slovénie, Saut à Ski Nika Prevc
55%
Pays Bas, Short Track Jens van 'T Wout
50%
Canada, Short Track Courtney Sarault
45%
Autriche, Combiné Nordique Johannes Lamparter
41%
États Unis, Patinage de Vitesse Jordan Stolz
41%
Corée du Sud, Short Track Kim Gilli
41%
Pays Bas, Short Track Xandra Velzeboer
41%
Royaume Uni, Skeleton Matt Weston
27%
Allemagne, Luge Max Langenhan
27%
Japon, Patinage Artistique Riku Miura / Ryuichi Kihara
23%
Aucun quiz correspondant
Distribution des résultats
% des personnes avec chaque résultat
Percentile par nombre de réponses
Votre historique - résultats
Vous n’avez pas pris ce quiz